Vrai ou faux étoiles - Statistiques

Statistiques générales
  • Ce quiz a été pris 40 fois
  • Le résultat moyen est 8 sur 10
Statistiques - réponses
Question Réponse % Correct
Jupiter ne fait pas partie du système solaire Faux
88%
Notre galaxie fait 10 000 km² Faux
88%
Lequel est le plus grand Univers
88%
Notre soleil est une supernova Faux
82%
Une étoile à neutrons fait partie des choses les plus dense dans notre univers Vrai
82%
Notre système solaire contient 9 planètes Faux
79%
Un trou noir est causé par la mort d'une étoile Vrai
76%
Laquelle de ces quatre planètes est gazeuse
64%
Notre galaxie s'appelle la voie glacée Faux
61%
La lumière du soleil met 8 minutes à nous atteindre Vrai
45%
Aucun quiz correspondant
Distribution des résultats
% des personnes avec chaque résultat
Percentile par nombre de réponses
Votre historique - résultats
Vous n’avez pas pris ce quiz